[Event "Moscow Open RSSU Cup 2019"]
[Site "Moscow"]
[Date "2019.01.29"]
[Round "4"]
[White "Shukh, Nikolai"]
[Black "Timofeev, Artyom"]
[Result "0-1"]
[WhiteElo "2459"]
[BlackElo "2592"]
[Annotator "TA"]
[PlyCount "78"]
[EventDate "2019.01.26"]
[EventType "swiss"]
[EventCountry "RUS"]
[SourceTitle "playchess.com"]
[Source "ChessBase"]
[SourceQuality "1"]

{[%evp 10,78,-14,0,-5,-20,-16,-14,0,-5,0,0,-8,-5,0,0,0,-12,-20,-52,-38,-50,0,-28,-34,-67,-20,-162,-69,-62,-71,-53,-44,-52,-43,-47,-8,-9,-19,-18,-12,-22,-14,-9,-11,-104,-102,-255,-248,-243,-244,-400,-393,-383,-380,-575,-574,-581,-507,-603,-627,-602,-623,-627,-617,-619,-617,-608,-566,-617,-611]} 1. e4 c5 2. Nf3 d6 3. Bc4 Nf6 4. e5 dxe5 5. Nxe5 e6 6. Qe2 Bd6 {B50: Sicilian: 2...d6, Miscellaneous} (6... Be7 7. b3 O-O 8. Bb2 Nbd7 9. f4 Qc7 10. O-O a6 11. a4 b6 12. Nxf7 Kxf7 13. Bxe6+ Ke8 14. Re1 {1-0 (29) Miranda Mesa,E (2469)-Gomez Garrido,C (2497) Montreal 2018}) 7. O-O $146 ({Predecessor:} 7. f4 O-O 8. O-O {0-1 (71) Tishova,S (1567)-Mammadzada,G (1861) Albena 2011}) 7... Qc7 8. f4 O-O {The position is equal.} 9. b3 Nd5 10. Bxd5 ({Predecessor:} 10. Bb2 f6 11. Nd3 a6 12. a4 Nc6 13. Qe4 Nce7 14. Nc3 {0-1 (71) Tishova,S (1567)-Mammadzada,G (1861) Albena 2011}) 10... exd5 11. Nc3 Qd8 12. Bb2 Nc6 13. Rae1 Nd4 $36 {[%mdl 2048] Black is pushing.} 14. Qd1 Bc7 15. Na4 Bd6 16. Nc3 Bf5 17. d3 Bc7 18. Qh5 (18. Na4 $11 {and White stays safe.}) 18... Ba5 (18... f6 $19 19. Ng4 Bxg4 20. Qxg4 Nxc2) 19. g4 $15 Bg6 $1 {[%cal Rg6h5]} 20. Qh3 Nxc2 21. Rc1 Nd4 {aiming for ...Bxc3.} 22. Qg2 Re8 {Strongly threatening ...f6.} 23. Nxd5 {[#]} Rxe5 $1 {[%mdl 512]} 24. fxe5 Bxd3 {Threatening ...Ne2+.} 25. Rf2 {[#] b4 is the strong threat.} Ne2+ $1 {[%mdl 512]} 26. Rxe2 Bxe2 27. e6 (27. Rxc5 $11 Bb6 28. Nxb6 Qd1+ 29. Kf2 axb6 {[%mdl 64] Discovered Attack} 30. Rd5) 27... fxe6 $17 {Threatens to win with ...Ba6.} 28. Nf4 $2 (28. Nf6+ $17 gxf6 29. Qxe2) 28... Ba6 $19 29. Qe4 Qd6 30. Qxe6+ $2 (30. Qe5 Qxe5 31. Bxe5) 30... Qxe6 31. Nxe6 {[#]} Re8 $1 32. Nxg7 (32. Nxc5 {was necessary.} Bd2 33. Rc2 Be3+ 34. Kh1 Bxc5 35. Rxc5 Re1+ 36. Kg2 Re2+ {[%mdl 64] Double Attack} 37. Kg3 Rxb2 38. Ra5) 32... Re2 {Black is clearly winning.} 33. Bf6 Bd2 34. Rd1 Be3+ {[%mdl 64] Discovered Attack} 35. Kh1 {White hopes to continue with Nf5.} Bb5 {( -> ...Bc6+)} 36. Rd6 Bc6+ 37. Rxc6 bxc6 38. Nf5 Kf7 39. Be5 Bf2 {Accuracy: White = 44%, Black = 57%.} 0-1

[Event "Moscow Open RSSU Cup 2019"]
[Site "Moscow"]
[Date "2019.01.29"]
[Round "4"]
[White "Atabayev, Saparmyrat"]
[Black "Sjugirov, Sanan"]
[Result "0-1"]
[WhiteElo "2434"]
[BlackElo "2663"]
[Annotator "TA"]
[PlyCount "66"]
[EventDate "2019.01.26"]
[EventType "swiss"]
[EventCountry "RUS"]
[SourceTitle "playchess.com"]
[Source "ChessBase"]
[SourceQuality "1"]

{[%evp 15,66,19,25,29,18,24,43,38,59,21,44,39,44,0,0,-6,4,0,12,0,7,0,0,0,0,-79,-72,-115,-106,-114,-107,-108,-106,-103,-37,-31,-39,-33,-22,-22,-17,-93,-104,-664,-655,-29988,-29989,-29989,-29990,-29990,-29988,-29998,-29999]} 1. d4 Nf6 2. Nf3 g6 3. g3 Bg7 4. Bg2 O-O 5. O-O d5 6. c4 dxc4 7. Na3 c3 8. bxc3 c5 9. Re1 {D77: Fianchetto Grünfeld: 6 0-0: Replies other than 6...c6} Nc6 10. Bb2 Qb6 (10... Nd5 11. Qc2 cxd4 12. Nxd4 Nf6 13. Nxc6 bxc6 14. c4 Bf5 15. Qc1 Qc7 16. Nc2 Rab8 {1-0 (39) Mamedyarov,S (2809)-Grischuk,A (2767) Berlin 2018}) 11. Nc4 {White is slightly better.} Qa6 12. Nce5 cxd4 $146 ({Predecessor:} 12... Rd8 13. e3 Be6 14. a4 Bd5 15. Ba3 Nxe5 16. Nxe5 Bxg2 17. Kxg2 {0-1 (26) Dreev,A (2653)-Hansen,E (2629) chess.com INT 2018}) 13. Nxc6 bxc6 14. Nxd4 Rb8 $36 {[%mdl 2048] Black has some pressure.} 15. Qc1 Bd7 16. Ba3 Rfe8 17. e4 Ng4 18. Bf1 Qa5 19. h3 $1 {[%cal Rh3g4]} Bh6 20. Bb4 {[#]} (20. f4 $1 $11 {was the only way to keep the balance.} e5 21. hxg4 exd4 22. g5) 20... Qc7 $1 $17 21. Qa3 {[#]} Be3 $1 {[%mdl 512]} 22. Rxe3 Nxe3 23. Bxe7 {aiming for Bd6.} Nxf1 24. Bd6 {[#]} Qb6 (24... Qb7 $1 $17 {Hoping for ...Nd2.} 25. Bxb8 c5 26. Qxc5 Nd2 27. Qxa7 (27. Bxa7 $2 Qb2 $19) 27... Rxb8 28. Qxb7 Rxb7) 25. Bxb8 $15 Rxb8 26. Rxf1 Bxh3 27. Re1 c5 28. Nb3 (28. Ne2 $11 {keeps the balance.}) 28... Qf6 $17 29. Qxa7 $2 {[%mdl 8192]} (29. Re3 $17) 29... Rd8 $19 {( -> ...Qf3)} 30. f4 Qxc3 {[%mdl 64] Double Attack. Black mates.} 31. Kf2 Bg4 32. Qxc5 {[#]} Rd2+ $1 {[%mdl 576] Double Attack} 33. Kf1 (33. Nxd2 Qxc5+) 33... Qf3+ {Accuracy: White = 38%, Black = 56%.} 0-1

[Event "Moscow Open RSSU Cup 2019"]
[Site "Moscow"]
[Date "2019.01.29"]
[Round "4"]
[White "Soumya, Swaminathan"]
[Black "Iljiushenok, Ilia"]
[Result "1/2-1/2"]
[WhiteElo "2416"]
[BlackElo "2533"]
[Annotator "TA"]
[PlyCount "82"]
[EventDate "2019.01.26"]
[EventType "swiss"]
[EventCountry "RUS"]
[SourceTitle "playchess.com"]
[Source "ChessBase"]
[SourceQuality "1"]

{[%evp 18,82,35,35,32,20,20,26,35,11,12,-16,-20,-46,-43,-42,-31,-40,-28,-66,-60,-65,-23,-153,-100,-102,-100,-105,-102,-106,-106,-106,-105,-101,-22,-22,-22,-26,-18,-28,0,0,0,-6,0,0,0,0,0,0,0,0,0,0,31,0,0,0,0,0,0,0,0,0,0,0,28]} 1. e4 c6 2. d4 d5 3. e5 c5 4. dxc5 e6 5. a3 (5. Be3 Qc7 6. Nc3 Bd7 7. Nb5 Bxb5 8. Bxb5+ Nc6 9. b4 a5 10. a3 Qxe5 11. Nf3 Qc7 12. Ba4 axb4 13. axb4 Qc8 {1-0 (24) Ponkratov,P (2630)-Piorun,K (2634) St Petersburg 2018}) 5... Nc6 6. Nf3 {B12: Caro-Kann: Advance Variation} Bxc5 7. b4 Bb6 8. Bb2 Nge7 {[%cal Bg8e7,Be7g6,Bg6f4,Bf4d3][%mdl 32]} 9. Bd3 Ng6 10. O-O {LiveBook: 81 Games} Nf4 11. Re1 Nxd3 12. Qxd3 O-O 13. Nbd2 $146 Bd7 14. Rad1 Ne7 15. c4 Ba4 16. Rc1 ({Wrong is} 16. Ng5 $2 Nf5 $19) 16... dxc4 17. Qe4 Bc6 $36 {[%mdl 2048] Black fights for an advantage.} 18. Qxc4 Rc8 {White must now prevent ...Bxf3.} 19. Qg4 Qd3 20. Qg5 {[#]} (20. Nc4 $1 $11) 20... Nf5 ({Black should try} 20... Ng6 $1 21. Rc3 Qa6) 21. Rc3 $17 Qd7 22. Qf4 Bxf3 23. Nxf3 Rxc3 24. Bxc3 Rc8 25. Qd2 Qxd2 (25... Qa4 $17 26. Qb2 h6) 26. Bxd2 $11 Nd4 27. Nxd4 Bxd4 {[%mdl 4096] Endgame KRB-KRB} 28. Kf1 Rc2 29. Be3 Bxe3 30. Rxe3 {KR-KR} Kf8 31. h4 Rc4 32. g3 Ke7 33. Ke2 Rc2+ 34. Kf3 Kd7 35. Rd3+ Kc7 36. Ke3 h5 {The position is equal.} 37. f3 Rc4 38. Rd4 Rc3+ 39. Rd3 Rc4 40. Rd4 Rc3+ 41. Rd3 Rc4 {Precision: White = 70%, Black = 80%.} 1/2-1/2

[Event "Moscow Open RSSU Cup 2019"]
[Site "Moscow"]
[Date "2019.01.29"]
[Round "4"]
[White "Yeletsky, Ivan"]
[Black "Pridorozhni, Aleksei"]
[Result "0-1"]
[WhiteElo "2406"]
[BlackElo "2568"]
[Annotator "TA"]
[PlyCount "120"]
[EventDate "2019.01.26"]
[EventType "swiss"]
[EventCountry "RUS"]
[SourceTitle "playchess.com"]
[Source "ChessBase"]
[SourceQuality "1"]

{[%evp 18,120,35,22,36,39,40,33,41,30,8,-33,-19,-57,-58,-54,-50,-44,-27,-64,-70,-76,-66,-77,24,10,0,0,0,0,3,10,60,60,61,54,88,42,73,78,77,78,79,60,54,41,50,39,60,0,0,0,0,-16,-21,-253,-237,-254,-234,-606,-602,-575,-590,-611,-611,-611,-611,-611,-604,-588,-576,-763,-745,-732,-713,-768,-766,-764,-753,-761,-761,-750,-757,-845,-804,-29948,-29952,-29953,-29953,-29953,-29954,-29965,-29955,-29969,-29970,-29969,-29970,-29968,-29970,-29970,-29967,-29966,-29964,-4145,-4137]} 1. e4 e5 2. Nf3 Nc6 3. Bb5 a6 4. Ba4 Nf6 5. O-O b5 6. Bb3 Be7 7. d4 d6 8. c3 O-O 9. h3 Bb7 10. Nbd2 {LiveBook: 11 Games. C84: Closed Ruy Lopez: Unusual White 6th moves} (10. Re1 Nd7 11. Nbd2 Na5 12. Bc2 c5 13. d5 Bc8 14. b4 Nb7 15. a4 Nb6 16. a5 Nd7 17. Nf1 c4 18. Be3 Nf6 19. N3h2 Ne8 20. Qd2 g6 21. f4 Ng7 {1-0 (51) Shabalov,A (2556)-Sevillano,E (2450) Edmonton 2017}) 10... exd4 11. cxd4 Nb4 $146 ({Predecessor:} 11... Na5 12. Bc2 c5 13. d5 Nd7 14. b3 Bf6 15. Rb1 Re8 16. Re1 Qc7 17. Nf1 Bc8 {1-0 (41) Parshin,V (2341)-Sychov,A (2196) ICCF email 2015}) 12. Qe2 {White is slightly better.} c5 13. a3 Nc6 14. dxc5 (14. d5 $5 {[%cal Rd5c6]} Ne5 15. Nxe5 dxe5 16. Bc2 $11) 14... dxc5 15. Rd1 Qc7 16. e5 Nd7 {[%cal Rc6e5]} 17. e6 fxe6 18. Qxe6+ Kh8 19. Ne4 {[%cal Bd2e4,Be4g5,Bg5e6,Be6c5][%mdl 32]} Nde5 $1 20. Nxe5 Qxe5 (20... Nxe5 $17 21. Bc2 Rae8) 21. Ng5 {Qg8+! would kill now.} c4 22. Bc2 Qxe6 $1 23. Nxe6 Rf6 $132 {[%mdl 2048] Black is not keeping still} 24. Re1 Re8 {...Bc5! is the strong threat.} 25. Bg5 Rf7 26. Rad1 Bc8 27. Nc5 Ref8 28. Bxe7 Rxe7 29. Rxe7 Nxe7 30. Rd6 Kg8 31. Be4 Rf6 $1 {[%cal Rf6d6]} 32. Rd8+ Kf7 33. Bxh7 (33. g4 $14) 33... Rc6 $1 $11 {[%cal Rc6c5]} 34. Ne4 {And now Ng5+ would win.} g6 $1 35. g4 Kg7 36. Re8 $2 (36. Ng5 $1 $11) 36... Rc7 $19 37. Ng5 {[#]} a5 $1 {[%cal Ba6a5,Ba5b4,Bb4c3,Bc3c2][%mdl 32]} 38. f4 $2 {[#]} (38. Kf1 b4 39. axb4 axb4 40. Ke2) 38... b4 $1 39. axb4 axb4 40. Rd8 c3 41. bxc3 bxc3 {Threatens to win with ...c2.} 42. Rd1 c2 43. Rc1 Nd5 44. Bxg6 Kxg6 45. Nf3 Nb4 46. Ne1 Bb7 47. Nxc2 Nxc2 48. Rd1 Be4 49. Rd6+ Kf7 50. f5 Rc6 51. Rxc6 Bxc6 52. Kf2 Kf6 53. Kg3 Ne3 54. Kh4 Ng2+ 55. Kh5 Bf3 56. Kh6 Nf4 57. g5+ Kxf5 58. h4 Bh5 59. Kg7 Kg4 60. Kf6 Bg6 {Precision: White = 29%, Black = 79%.} 0-1

[Event "Moscow Open RSSU Cup 2019"]
[Site "Moscow"]
[Date "2019.01.29"]
[Round "4"]
[White "Avalyan, Artur"]
[Black "Fakhrutdinov, Timur"]
[Result "1/2-1/2"]
[WhiteElo "2347"]
[BlackElo "2481"]
[Annotator "RC"]
[PlyCount "130"]
[EventDate "2019.01.26"]
[EventType "swiss"]
[EventCountry "RUS"]
[SourceTitle "playchess.com"]
[Source "ChessBase"]
[SourceQuality "1"]
[TimeControl "40/5400+30:1800+30"]

1. d4 {[%emt 0:00:00]} Nf6 {[%emt 0:00:00]} 2. c4 {[%emt 0:00:00]} e6 {[%emt 0:00:00]} 3. Nc3 {[%emt 0:00:00]} Bb4 {[%emt 0:00:00]} 4. e3 {[%emt 0:00:00]} O-O {[%emt 0:00:00]} 5. Nge2 d5 {[%emt 0:00:18]} 6. a3 {[%emt 0:00:07]} Bd6 {[%emt 0:00:13]} 7. c5 {[%emt 0:00:26]} Be7 {[%emt 0:00:12]} 8. Nf4 {[%emt 0:00:32]} c6 {[%emt 0:00:57]} 9. Be2 {[%emt 0:00:48]} Nbd7 {[%emt 0:05:59]} 10. b4 {[%emt 0:02:20]} Qc7 {[%emt 0:13:43]} 11. O-O {[%emt 0:01:22]} e5 {[%emt 0:15:47]} 12. dxe5 {[%emt 0:02:11]} Nxe5 {[%emt 0:02:13]} 13. Qc2 {[%emt 0:04:58]} Ng6 {[%emt 0:08:23]} 14. Nxg6 {[%emt 0:07:24]} hxg6 {[%emt 0:00:32]} 15. h3 {[%emt 0:01:01]} Bf5 {[%emt 0:07:13]} 16. Bd3 {[%emt 0:00:09]} Bxd3 {[%emt 0:03:59]} 17. Qxd3 {[%emt 0:00:07]} Nd7 {[%emt 0:00:33]} 18. e4 {[%emt 0:06:26]} dxe4 {[%emt 0:09:49]} 19. Nxe4 {[%emt 0:01:08]} Rad8 {[%emt 0:03:19]} 20. Qc2 {[%emt 0:00:56]} Nf6 {[%emt 0:03:23]} 21. Bb2 {[%emt 0:06:55]} Nxe4 {[%emt 0:01:24]} 22. Qxe4 {[%emt 0:00:07]} Bf6 {[%emt 0:00:31]} 23. Bxf6 {[%emt 0:00:21]} gxf6 {[%emt 0:00:07]} 24. Rfe1 {[%emt 0:01:39]} Kg7 {[%emt 0:09:13]} 25. Re2 {[%emt 0:02:26]} Rd5 {[%emt 0:00:57]} 26. Rae1 {[%emt 0:00:59]} Rfd8 {[%emt 0:00:37]} 27. g3 {[%emt 0:00:57]} a5 {[%emt 0:01:43]} 28. Qf3 {[%emt 0:02:36]} Rd3 {[%emt 0:03:15]} 29. Re3 {[%emt 0:00:08]} Rxe3 {[%emt 0:00:32]} 30. Rxe3 {[%emt 0:00:32]} axb4 {[%emt 0:01:33]} 31. axb4 {[%emt 0:00:05]} Qd7 {[%emt 0:02:39]} 32. Kg2 {[%emt 0:00:27]} Qd2 {[%emt 0:00:53]} 33. Rb3 {[%emt 0:03:55]} Rd5 {[%emt 0:00:21]} 34. Qe3 {[%emt 0:02:22]} Qxe3 {[%emt 0:02:24]} 35. Rxe3 {[%emt 0:10:56]} Rd4 {[%emt 0:00:11]} 36. Rb3 {[%emt 0:00:41]} f5 {[%emt 0:01:25]} 37. Kf3 {[%emt 0:00:02]} Re4 {[%emt 0:00:41]} 38. Rb2 {[%emt 0:11:18]} Kf6 {[%emt 0:00:29]} 39. h4 {[%emt 0:01:26]} Rd4 {[%emt 0:01:21]} 40. Ke3 {[%emt 0:00:00]} Ke5 {[%emt 0:00:00]} 41. Rb3 {[%emt 0:18:02]} Re4+ {[%emt 0:13:57]} 42. Kd3 {[%emt 0:00:32]} Kd5 43. Rb1 {[%emt 0:17:44]} f4 {[%emt 0:03:58]} 44. g4 {[%emt 0:13:57]} f3 {[%emt 0:00:28]} 45. h5 {[%emt 0:00:34]} Rxg4 {[%emt 0:00:56]} 46. hxg6 {[%emt 0:01:16]} fxg6 {[%emt 0:12:08]} 47. Ke3 {[%emt 0:00:24]} Kc4 {[%emt 0:00:34]} 48. Kxf3 {[%emt 0:00:08]} Rd4 {[%emt 0:00:33]} 49. Ke3 {[%emt 0:05:02]} Rd3+ {[%emt 0:01:00]} 50. Ke4 {[%emt 0:00:09]} Rb3 {[%emt 0:00:57]} 51. Rc1+ {[%emt 0:00:10]} Kxb4 {[%emt 0:01:51]} 52. f4 {[%emt 0:00:05]} Kb5 {[%emt 0:01:38]} 53. Ke5 {[%emt 0:00:19]} Re3+ {[%emt 0:00:39]} 54. Kf6 {[%emt 0:00:01]} Re4 {[%emt 0:00:23]} 55. Kg5 {[%emt 0:00:23]} Re6 {[%emt 0:00:25]} 56. Rc2 {[%emt 0:02:46]} b6 {[%emt 0:00:39]} 57. cxb6 {[%emt 0:00:33]} Kxb6 {[%emt 0:00:07]} 58. Rh2 {[%emt 0:01:32]} c5 {[%emt 0:00:54]} 59. Rh6 {[%emt 0:00:02]} Rc6 {[%emt 0:00:49]} 60. Rxg6 {[%emt 0:00:23]} c4 {[%emt 0:00:15]} 61. Rg8 {[%emt 0:00:05]} c3 {[%emt 0:00:54]} 62. Rb8+ {[%emt 0:00:02]} Kc5 {[%emt 0:00:19]} 63. Rb1 {[%emt 0:00:02]} c2 {[%emt 0:00:37]} 64. Rc1 {[%emt 0:00:04]} Kd4 {[%emt 0:00:24]} 65. f5 {[%emt 0:00:03]} Kc3 {[%emt 0:00:21]} 1/2-1/2

[Event "Moscow Open RSSU Cup 2019"]
[Site "Moscow"]
[Date "2019.01.29"]
[Round "4"]
[White "Nazaretyan, Tigran"]
[Black "Kezin, Roman"]
[Result "1-0"]
[WhiteElo "2250"]
[BlackElo "2471"]
[Annotator "RC"]
[PlyCount "63"]
[EventDate "2019.01.26"]
[EventType "swiss"]
[EventCountry "RUS"]
[SourceTitle "playchess.com"]
[Source "ChessBase"]
[SourceQuality "1"]
[TimeControl "40/5400+30:1800+30"]

1. d4 d5 {[%emt 0:05:01]} 2. c4 {[%emt 0:00:00]} e6 {[%emt 0:00:06]} 3. Nf3 {[%emt 0:00:43]} Nf6 {[%emt 0:00:15]} 4. Nc3 {[%emt 0:00:18]} c6 {[%emt 0:00:24]} 5. e3 {[%emt 0:00:30]} Nbd7 {[%emt 0:00:07]} 6. Qc2 {[%emt 0:00:26]} Bd6 {[%emt 0:05:29]} 7. b3 {[%emt 0:03:27]} O-O {[%emt 0:00:24]} 8. Be2 {[%emt 0:00:24]} a6 {[%emt 0:07:09]} 9. Bb2 {[%emt 0:04:20]} Qe7 {[%emt 0:01:29]} 10. Rd1 {[%emt 0:06:32]} b6 {[%emt 0:34:34]} 11. O-O {[%emt 0:03:02]} Bb7 {[%emt 0:18:09]} 12. e4 {[%emt 0:03:26]} dxe4 {[%emt 0:01:04]} 13. Nxe4 {[%emt 0:01:04]} Nxe4 {[%emt 0:00:07]} 14. Qxe4 {[%emt 0:00:19]} Rad8 {[%emt 0:02:12]} 15. Rfe1 {[%emt 0:15:08]} Bb4 {[%emt 0:00:58]} 16. Bd3 {[%emt 0:01:35]} Nf6 {[%emt 0:00:34]} 17. Qh4 {[%emt 0:00:36]} h6 {[%emt 0:02:31]} 18. Re3 {[%emt 0:04:20]} Rfe8 {[%emt 0:03:58]} 19. Qh3 {[%emt 0:14:37]} Nd7 {[%emt 0:12:20]} 20. Bc2 {[%emt 0:07:31]} Qf8 {[%emt 0:01:36]} 21. Ng5 {[%emt 0:04:58]} Nf6 {[%emt 0:01:08]} 22. d5 {[%emt 0:01:48]} e5 {[%emt 0:00:01]} 23. Rxe5 {[%emt 0:08:50]} Bc8 {[%emt 0:01:13]} 24. Qd3 {[%emt 0:02:25]} hxg5 {[%emt 0:00:11]} 25. Rxg5 {[%emt 0:03:06]} Qd6 {[%emt 0:00:17]} 26. Qd4 {[%emt 0:06:55]} Kf8 {[%emt 0:01:06]} 27. Qh4 {[%emt 0:00:59]} Re2 {[%emt 0:00:33]} 28. Qh8+ {[%emt 0:01:14]} Ke7 {[%emt 0:00:08]} 29. Qxg7 {[%emt 0:00:15]} Rxc2 {[%emt 0:00:52]} 30. Be5 {[%emt 0:02:12]} Rg8 {[%emt 0:00:32]} 31. Bxd6+ {[%emt 0:00:34]} Bxd6 {[%emt 0:00:23]} 32. Re1+ 1-0

[Event "Moscow Open RSSU Cup 2019"]
[Site "Moscow"]
[Date "2019.01.30"]
[Round "5"]
[White "Sjugirov, Sanan"]
[Black "Zakhartsov, Vladimir"]
[Result "1/2-1/2"]
[WhiteElo "2663"]
[BlackElo "2483"]
[Annotator "RC"]
[PlyCount "143"]
[EventDate "2019.01.26"]
[EventType "swiss"]
[EventCountry "RUS"]
[SourceTitle "playchess.com"]
[Source "ChessBase"]
[SourceQuality "1"]
[TimeControl "40/5400+30:1800+30"]

1. d4 {[%emt 0:00:00]} Nf6 {[%emt 0:07:28]} 2. c4 {[%emt 0:00:00]} e6 {[%emt 0:00:04]} 3. Nf3 {[%emt 0:00:00]} b6 {[%emt 0:00:44]} 4. g3 {[%emt 0:00:00]} Ba6 {[%emt 0:00:30]} 5. b3 {[%emt 0:00:10]} Bb4+ {[%emt 0:01:41]} 6. Bd2 {[%emt 0:00:09]} Be7 {[%emt 0:00:09]} 7. Bg2 {[%emt 0:00:52]} c6 {[%emt 0:00:25]} 8. Nc3 {[%emt 0:00:23]} d5 {[%emt 0:02:05]} 9. O-O {[%emt 0:05:02]} O-O {[%emt 0:01:17]} 10. Qc2 {[%emt 0:01:13]} b5 {[%emt 0:05:47]} 11. cxb5 {[%emt 0:27:47]} cxb5 {[%emt 0:01:26]} 12. a3 {[%emt 0:00:36]} Nbd7 {[%emt 0:10:44]} 13. Qd3 {[%emt 0:01:57]} Qb6 {[%emt 0:01:11]} 14. b4 {[%emt 0:05:43]} Rac8 {[%emt 0:00:26]} 15. Be3 {[%emt 0:07:16]} Bb7 {[%emt 0:17:29]} 16. Nxb5 {[%emt 0:06:53]} Ba6 {[%emt 0:03:13]} 17. a4 {[%emt 0:01:10]} Rc4 {[%emt 0:04:22]} 18. Ne5 {[%emt 0:20:10]} Rxb4 {[%emt 0:00:41]} 19. Qa3 {[%emt 0:01:15]} Re8 {[%emt 0:02:32]} 20. Qa2 {[%emt 0:00:46]} Bxb5 {[%emt 0:01:11]} 21. axb5 {[%emt 0:00:08]} Qxb5 {[%emt 0:00:07]} 22. Nd3 {[%emt 0:00:57]} Rb3 {[%emt 0:03:20]} 23. Qxa7 {[%emt 0:00:10]} Rc8 {[%emt 0:05:09]} 24. Bf3 {[%emt 0:08:00]} h6 {[%emt 0:02:52]} 25. Kg2 {[%emt 0:00:07]} Qb7 {[%emt 0:01:19]} 26. h4 {[%emt 0:02:37]} Bd6 {[%emt 0:04:21]} 27. Ra6 {[%emt 0:01:33]} Qxa7 {[%emt 0:00:51]} 28. Rxa7 {[%emt 0:00:02]} Bb8 {[%emt 0:00:20]} 29. Ra6 Rb6 {[%emt 0:01:39]} 30. Ra8 {[%emt 0:02:05]} Rb7 {[%emt 0:00:28]} 31. Rfa1 {[%emt 0:02:27]} Nb6 {[%emt 0:01:34]} 32. Rb1 {[%emt 0:00:18]} Ra7 {[%emt 0:00:30]} 33. Rxa7 {[%emt 0:02:01]} Bxa7 {[%emt 0:00:01]} 34. Bf4 {[%emt 0:01:23]} Nfd7 {[%emt 0:01:07]} 35. g4 {[%emt 0:02:19]} Bb8 {[%emt 0:00:19]} 36. Bc1 {[%emt 0:01:01]} Bd6 {[%emt 0:00:19]} 37. g5 {[%emt 0:00:19]} hxg5 {[%emt 0:00:25]} 38. Bxg5 {[%emt 0:00:10]} f6 {[%emt 0:01:43]} 39. Bc1 {[%emt 0:00:58]} Kf7 {[%emt 0:00:35]} 40. h5 {[%emt 0:00:00]} Rb8 {[%emt 0:00:00]} 41. Bg4 {[%emt 0:03:17]} Nc8 {[%emt 0:05:49]} 42. Ra1 {[%emt 0:00:25]} Rb7 {[%emt 0:00:23]} 43. Be3 {[%emt 0:02:21]} Ra7 {[%emt 0:00:34]} 44. Rc1 {[%emt 0:01:29]} Rc7 {[%emt 0:01:48]} 45. Rb1 {[%emt 0:00:21]} Ne7 {[%emt 0:00:35]} 46. Ra1 {[%emt 0:00:38]} Nf8 {[%emt 0:01:59]} 47. Ra6 {[%emt 0:02:50]} Rc6 {[%emt 0:00:14]} 48. Ra5 {[%emt 0:00:15]} Rc7 {[%emt 0:00:56]} 49. h6 {[%emt 0:03:09]} gxh6 {[%emt 0:02:52]} 50. Bxh6 {[%emt 0:02:17]} Nfg6 {[%emt 0:00:26]} 51. Bh5 {[%emt 0:00:47]} Kg8 {[%emt 0:05:12]} 52. Kh3 {[%emt 0:05:00]} Kh7 {[%emt 0:00:22]} 53. Bd2 {[%emt 0:00:28]} Kg7 {[%emt 0:02:13]} 54. Rb5 {[%emt 0:08:08]} Rc8 {[%emt 0:01:31]} 55. Kg2 {[%emt 0:00:55]} Rb8 {[%emt 0:03:12]} 56. Ra5 {[%emt 0:03:30]} Nh4+ {[%emt 0:01:52]} 57. Kh3 {[%emt 0:00:19]} Nhf5 {[%emt 0:00:52]} 58. Ra6 {[%emt 0:00:18]} Rh8 {[%emt 0:01:37]} 59. Kg4 {[%emt 0:00:04]} Nc8 {[%emt 0:00:20]} 60. e3 {[%emt 0:01:59]} Kf8 {[%emt 0:05:15]} 61. Nb4 {[%emt 0:00:55]} Ke7 {[%emt 0:02:23]} 62. Ra8 {[%emt 0:00:17]} Kd7 {[%emt 0:00:55]} 63. Nd3 {[%emt 0:00:54]} Ng7 {[%emt 0:04:03]} 64. Bg6 {[%emt 0:00:06]} Rh1 {[%emt 0:03:42]} 65. Kf3 {[%emt 0:00:33]} Rg1 {[%emt 0:01:03]} 66. Bf7 {[%emt 0:00:29]} Ke7 {[%emt 0:02:21]} 67. Rxc8 {[%emt 0:02:51]} Kxf7 {[%emt 0:00:05]} 68. Bb4 {[%emt 0:00:22]} Rd1 {[%emt 0:03:32]} 69. Bxd6 {[%emt 0:00:58]} Rxd3 {[%emt 0:00:02]} 70. Rf8+ {[%emt 0:00:25]} Kg6 {[%emt 0:00:02]} 71. Be7 {[%emt 0:00:16]} Nh5 {[%emt 0:00:08]} 72. Bc5 {[%emt 0:00:40]} 1/2-1/2

[Event "Moscow Open RSSU Cup 2019"]
[Site "Moscow"]
[Date "2019.01.30"]
[Round "5"]
[White "Ponkratov, Pavel"]
[Black "Afanasiev, Nikita"]
[Result "1-0"]
[WhiteElo "2630"]
[BlackElo "2508"]
[Annotator "TA"]
[PlyCount "91"]
[EventDate "2019.01.26"]
[EventType "swiss"]
[EventCountry "RUS"]
[SourceTitle "playchess.com"]
[Source "ChessBase"]
[SourceQuality "1"]

{[%evp 11,91,-13,0,-6,-8,-12,-8,-12,-9,-10,-18,-29,-7,0,0,0,0,-20,-17,-12,-10,-19,-14,-10,16,13,6,13,20,18,25,19,26,18,70,47,94,107,104,61,64,36,48,39,66,16,28,16,22,12,5,0,9,9,81,28,42,20,16,8,100,85,162,169,166,159,239,239,887,837,771,689,1404,1357,1344,1337,5281,5281,2231,2223,2224,822]} 1. e4 e5 2. Nf3 Nc6 3. d4 exd4 4. Nxd4 Bc5 5. Nb3 Bb6 6. Nc3 Nf6 7. Bb5 $146 {C45: Scotch Game} (7. Qe2 O-O 8. Bg5 Nd4 9. Qd2 Nxb3 10. axb3 h6 11. Be3 Bxe3 12. Qxe3 d5 13. O-O-O c6 14. exd5 cxd5 {1-0 (40) Amin,B (2686)-Safarli,E (2676) Hoogeveen 2018}) ({Predecessor:} 7. Bg5 O-O {1-0 (43) Plenca,J (2416)-Rade,M (2432) Mali Losinj 2017}) 7... O-O 8. Bg5 h6 9. Bh4 {The position is equal.} Ne5 10. O-O ({Predecessor:} 10. Nd5 g5 11. Nxb6 axb6 12. Bg3 Re8 13. f3 c6 14. Be2 d5 15. O-O {1-0 (43) Plenca,J (2416)-Rade,M (2432) Mali Losinj 2017}) 10... c6 11. Bd3 Ng6 12. Bg3 d6 13. Kh1 Re8 14. f4 d5 {[%cal Rd5e4]} 15. e5 Ng4 $1 16. Qd2 h5 17. Nd1 Nh4 (17... h4 $5 {[%cal Rh4g3]} 18. Be1 h3 $1 $11 {[%mdl 512]}) 18. h3 Nh6 19. Ne3 N4f5 20. Nxf5 Nxf5 21. Bf2 Bxf2 22. Rxf2 Qb6 (22... Ng3+ $11 23. Kh2 h4) 23. Re1 h4 24. Kh2 c5 25. c3 $1 Qc6 26. Rf3 b6 $1 27. c4 Rd8 {And now ...dxc4 would win.} 28. cxd5 (28. Be4 $5) 28... Qxd5 29. Qc2 {aiming for Be4.} Qe6 $1 30. Be4 Rb8 31. Rd3 $36 {[%mdl 2048] White fights for an advantage.} Re8 32. Qf2 Ng3 (32... Bb7 $11) 33. Rd6 (33. Nd2 $16) 33... Qe7 $11 34. Nd2 Bf5 35. Bd5 Be6 (35... Red8 $1 $11 {keeps the balance.}) 36. Nf3 Nf5 {[#]} (36... Bxd5 $16 37. Rxd5 Red8 38. Rxd8+ Rxd8) 37. Ng5 $1 $18 {[%cal Rg5e6]} Bxd5 38. Rxd5 Rbd8 (38... f6 $16) 39. e6 $1 {[%cal Re6f7]} Qxg5 $2 (39... Rxd5 40. exf7+ {[#]} Qxf7 $1 {[%mdl 512]} 41. Nxf7 Kxf7 42. Rxe8 Kxe8) 40. fxg5 {White is clearly winning.} Rxd5 41. Qf3 fxe6 {[#]} 42. Rxe6 $1 {[%mdl 576] Remove Defender} Rxe6 43. Qxd5 {Threatening mate with g6.} Nd4 44. g6 {White threatens Qd8+ and mate.} Kf8 45. Qd8+ {[%mdl 64] Double Attack} Re8 46. Qxh4 {Accuracy: White = 74%, Black = 48%.} (46. Qd6+ $142 Re7 47. Qb8+ Re8 48. Qxa7) 1-0